Unemployment and the inter-regional mobility of labour.

Analýza vzťahu medzi nezamestnanosťou a medzioblastným pohybom pracovných síl. Úroveň postavenia pracovných síl. Rôzna úroveň nezamestnanosti podľa lokality oblastí. Výška nezamestnaneckej podpory. Vplyv celkovej nezamestnanosti na migráciu pracovných síl. Porovnanie migrácie v období r. 1976-77 a 1...

Descripción completa

Guardado en:
Detalles Bibliográficos
Autor principal: Pissarides, Ch.A
Otros Autores: Wadsworth, J.
Formato: Capítulo de libro
Lenguaje:inglés
Materias:
Etiquetas: Agregar Etiqueta
Sin Etiquetas, Sea el primero en etiquetar este registro!

MARC

LEADER 00000naa a2200000 4500
001 r001139
005 20220824123100.9
041 0 |a eng 
044 |a GB 
245 1 0 |a Unemployment and the inter-regional mobility of labour.  |c Ch.A. Pissarides, J. Wadsworth 
520 |a Analýza vzťahu medzi nezamestnanosťou a medzioblastným pohybom pracovných síl. Úroveň postavenia pracovných síl. Rôzna úroveň nezamestnanosti podľa lokality oblastí. Výška nezamestnaneckej podpory. Vplyv celkovej nezamestnanosti na migráciu pracovných síl. Porovnanie migrácie v období r. 1976-77 a 1983-84. 
610 2 0 |a nezamestnanosť 
610 2 0 |a migrácia 
610 2 0 |a pohyb síl pracovných 
610 2 0 |a Veľká Británia 
610 2 0 |a 1976-1984 
610 2 0 |a regióny 
100 1 |a Pissarides, Ch.A. 
700 1 |a Wadsworth, J.